000
00291nam a2200109Ia 4500
008
220204s9999 xx 000 0 und d
082
_a
339.92(047)
_b
WOR
245
0
_a
World investment report 1998: Trends and determinants
250
_a
Indian
260
_a
Delhi
_b
Bookwell
_c
1999
942
_c
BK
999
_c
41579
_d
41579